Guía del cierre fiscal del ejercicio 2012 (Registro nro. 162826)
[ vista simple ]
| 000 -LEADER | |
|---|---|
| fixed length control field | 00789nam a22002297a 4500 |
| 007 - PHYSICAL DESCRIPTION FIXED FIELD--GENERAL INFORMATION | |
| fixed length control field | cr|||| |||| |
| 008 - FIXED-LENGTH DATA ELEMENTS--GENERAL INFORMATION | |
| fixed length control field | 130729s2012 mx |||||s|||| 00||0 spa d |
| 035 ## - | |
| -- | 11337 |
| 040 ## - CATALOGING SOURCE | |
| Original cataloging agency | vLex |
| 090 ## - | |
| -- | 4461 |
| -- | 4461 |
| 100 1# - MAIN ENTRY--PERSONAL NAME | |
| Personal name | Bornacini Hervella, Honoré A. |
| 245 10 - TITLE STATEMENT | |
| Title | Guía del cierre fiscal del ejercicio 2012 |
| Medium | [Recurso electrónico] / |
| Statement of responsibility, etc | Honoré A. Bornacini Hervella, Vicente Romero Said |
| 256 ## - | |
| -- | Servicio en línea |
| 260 ## - PUBLICATION, DISTRIBUTION, ETC. (IMPRINT) | |
| Place of publication, distribution, etc | México D.F: |
| Name of publisher, distributor, etc | México Fiscal, |
| Date of publication, distribution, etc | 2012 |
| 300 ## - PHYSICAL DESCRIPTION | |
| Extent | 1 recurso electrónico |
| 650 04 - SUBJECT ADDED ENTRY--TOPICAL TERM | |
| Topical term or geographic name as entry element | Derecho fiscal |
| Geographic subdivision | México |
| 700 2# - ADDED ENTRY--PERSONAL NAME | |
| Personal name | Romero Said, Vicente |
| 740 0# - | |
| -- | vLex Libros (Servicio en línea) |
| 856 40 - LOCALIZACIÓN Y ACCESO ELECTRÓNICO | |
| Identificador Uniforme del Recurso (URI/URL) | https://app.vlex.com/#/sources/guia-del-cierre-fiscal-del-ejercicio-2012-11337 |
| 942 ## - | |
| -- | RAA |
| 999 ## - | |
| -- | 162826 |
| -- | 162826 |
No hay ítems disponibles.